| 000 | 01214cam a2200337 a 4500 | ||
|---|---|---|---|
| 003 | CHAP | ||
| 005 | 20220817043802.0 | ||
| 008 | 010730d2001 mx a 00 spa d | ||
| 010 | _a84374 | ||
| 011 | _a85346 | ||
| 035 | _a95879 | ||
| 040 | _cCHAP | ||
| 100 | 0 | 0 |
_aWilson Bibiano, Yazia Vanessa. _9122168 |
| 245 | 0 | 0 |
_aDiagnóstico nutrimental de palma africana (Elaeis guineensis Jacq.) en la región sur de Veracruz _c/por Yazia Vanessa Wilson Bibiano |
| 260 |
_aChapingo, Méx. : _bEl autor, _c2001. |
||
| 300 |
_a105 h. : _bilus. |
||
| 500 | _aTesis (Ing. Agr. Esp. en Fitotecnia) -- UACH. Departamento de Fitotecnia | ||
| 590 |
_aBATCH-UPD _b10 _c20130110 _lUCH01 _h0502 |
||
| 590 |
_aBATCH-UPD _b10 _c20130110 _lUCH01 _h2208 |
||
| 590 |
_aBATCH-UPD _b10 _c20130410 _lUCH01 _h0140 |
||
| 590 |
_aBATCH-UPD _b10 _c20130914 _lUCH01 _h1201 |
||
| 590 |
_aCONVERSION _b10 _c20130109 _lUCH01 _h1347 |
||
| 650 | 1 | 4 |
_aDiagnóstico foliar. _932394 |
| 650 | 1 | 4 | _aElaeis guineensis. |
| 650 | 1 | 4 |
_aPalmas _xVeracruz. _984985 |
| 901 | _aBK | ||
| 905 | _aLilia Sánchez G. | ||
| 942 | _cFOLL | ||
| 949 |
_aTesis _bBC _cTES _d33724000839197 _eTS2 _fc.2 _h38293 _i95879 _sb |
||
| 949 |
_aTesis _bBC _cTES _d958791 _eTS1 _h38292 _i95879 _sb |
||
| 999 |
_c84374 _d84374 |
||